[Event "POL-chT2"]
[Site "Poronin"]
[Date "2013.09.11"]
[Round "5.66"]
[White "Hermanowicz, Dominika"]
[Black "Swiatnicka, Malgorzata"]
[Result "1/2-1/2"]
[WhiteElo "2078"]
[BlackElo "1843"]
[PlyCount "96"]
[EventDate "2013.09.06"]
[EventType "team-swiss"]
[EventRounds "9"]
[EventCountry "POL"]
[SourceTitle "EXT 2015"]
[Source "ChessBase"]
[SourceDate "2014.11.20"]
[SourceVersion "1"]
[SourceVersionDate "2014.11.20"]
[SourceQuality "1"]
[WhiteTeam "Chroscice LZS Victoria"]
[BlackTeam "Konin Hetman"]
[WhiteTeamCountry "POL"]
[BlackTeamCountry "POL"]

1. e4 e5 2. Nf3 Nc6 3. Bb5 Nd4 4. Nxd4 exd4 5. 0-0 Bc5 6. d3 c6 7. Ba4 d6 8. Nd2 Ne7 9. c3 Bb6 10. Nb3 dxc3 11. bxc3 0-0 12. Nd4 Ng6 13. Qf3 Qh4 14. Nf5 Bxf5 15. Qxf5 Ne5 16. g3 Qg4 17. Qxg4 Nxg4 18. Kg2 Ne5 19. Bc2 Rfe8 20. h3 Rad8 21. f4 Nd7 22. Kf3 d5 23. e5 d4 24. c4 f6 25. exf6 Nxf6 26. Bd2 Re7 27. Rfe1 Rde8 28. Rxe7 Rxe7 29. Re1 Kf7 30. g4 g6 31. Bd1 Nd7 32. Rxe7+ Kxe7 33. Be2 Nc5 34. Bb4 Ke6 35. Bxc5 Bxc5 36. Ke4 b5 37. cxb5 cxb5 38. g5 a5 39. Bg4+ Ke7 40. f5 a4 41. Kd5 b4 42. fxg6 hxg6 43. Bd1 b3 44. a3 Bxa3 45. Kxd4 Kd6 46. Kc4 Kc6 47. d4 Bc1 48. Kb4 Bxg5 1/2-1/2

[Event "POL-chT 2nd League"]
[Site "Lazy"]
[Date "2012.09.03"]
[Round "3"]
[White "Warakomska, Anna"]
[Black "Hermanowicz, Dominika"]
[Result "1/2-1/2"]
[WhiteElo "2136"]
[BlackElo "2076"]
[PlyCount "80"]
[EventDate "2012.09.01"]
[EventType "team-swiss"]
[EventRounds "9"]
[EventCountry "POL"]
[SourceTitle "EXT 2019"]
[Source "ChessBase"]
[SourceDate "2018.10.10"]
[SourceVersion "1"]
[SourceVersionDate "2018.10.10"]
[SourceQuality "1"]
[WhiteTeam "Czestochowa UKS Hetman"]
[BlackTeam "Chroscice LZS Victoria"]
[WhiteTeamCountry "POL"]
[BlackTeamCountry "POL"]

1. e4 c5 2. Nf3 a6 3. c3 d5 4. exd5 Qxd5 5. d4 Nf6 6. Be3 cxd4 7. cxd4 e6 8. Nc3 Qa5 9. Bd3 Nc6 10. 0-0 Be7 11. Rc1 0-0 12. Qe2 Bd7 13. Rfd1 Rfd8 14. Bf4 Be8 15. Bb1 Rac8 16. Ne4 Nxe4 17. Qxe4 Qh5 18. a3 g6 19. Ba2 Qb5 20. d5 exd5 21. Bxd5 Bf6 22. b4 a5 23. Rc5 Qa4 24. Rb1 axb4 25. axb4 b6 26. Rcc1 Ne7 27. Bb3 Rxc1+ 28. Bxc1 Qc6 29. Qxc6 Nxc6 30. Be3 Nxb4 31. Bxb6 Rc8 32. h3 Nd3 33. Bd4 Bxd4 34. Nxd4 Rd8 35. Nf3 Nc5 36. Bc4 Kg7 37. Re1 Kf8 38. Ra1 Ba4 39. Rb1 Rd1+ 40. Rxd1 Bxd1 1/2-1/2

[Event "POL-chT 1st League"]
[Site "Katowice"]
[Date "2010.09.11"]
[Round "8"]
[White "Chalupnik, Marcin"]
[Black "Hermanowicz, Dominika"]
[Result "1/2-1/2"]
[WhiteElo "2247"]
[BlackElo "2078"]
[PlyCount "60"]
[EventDate "2010.09.04"]
[EventType "team-tourn"]
[EventRounds "9"]
[EventCountry "POL"]
[SourceTitle "EXT 2019"]
[Source "ChessBase"]
[SourceDate "2018.10.10"]
[SourceVersion "1"]
[SourceVersionDate "2018.10.10"]
[SourceQuality "1"]
[WhiteTeam "Warszawa YMCA"]
[BlackTeam "Wroclaw AZS Politechnika"]
[WhiteTeamCountry "POL"]
[BlackTeamCountry "POL"]

1. e4 e6 2. d4 d5 3. Nc3 dxe4 4. Nxe4 Nd7 5. Bd3 Ngf6 6. Qe2 c5 7. Nf3 cxd4 8. Nxd4 Nxe4 9. Bxe4 Nc5 10. c3 Nxe4 11. Qxe4 Be7 12. Bf4 Qb6 13. 0-0-0 0-0 14. Rd3 f5 15. Qe2 Qa6 16. Be5 Qxa2 17. Rhd1 Bd7 18. Qh5 Bf6 19. Rh3 Bxe5 20. Qxh7+ Kf7 21. Qh5+ Ke7 22. Qg5+ Bf6 23. Qf4 Qa1+ 24. Kc2 Ba4+ 25. b3 Bxb3+ 26. Nxb3 Qa2+ 27. Kc1 Qa3+ 28. Kc2 Qa2+ 29. Kc1 Qa3+ 30. Kc2 Qa2+ 1/2-1/2

[Event "POL-chT 1st League"]
[Site "Katowice"]
[Date "2010.09.04"]
[Round "1"]
[White "Hermanowicz, Dominika"]
[Black "Cherednichenko, Svetlana"]
[Result "1/2-1/2"]
[WhiteElo "2078"]
[BlackElo "2285"]
[PlyCount "48"]
[EventDate "2010.09.04"]
[EventType "team-tourn"]
[EventRounds "9"]
[EventCountry "POL"]
[SourceTitle "EXT 2019"]
[Source "ChessBase"]
[SourceDate "2018.10.10"]
[SourceVersion "1"]
[SourceVersionDate "2018.10.10"]
[SourceQuality "1"]
[WhiteTeam "Wroclaw AZS Politechnika"]
[BlackTeam "Raciborz Silesia"]
[WhiteTeamCountry "POL"]
[BlackTeamCountry "POL"]

1. e4 e5 2. Nf3 d6 3. d4 exd4 4. Nxd4 Nf6 5. Nc3 Be7 6. Be2 0-0 7. 0-0 Re8 8. Re1 c5 9. Nb3 Nc6 10. Bf1 a6 11. Nd5 Nxd5 12. exd5 Nb8 13. Bf4 Nd7 14. c4 Nf6 15. Bd3 Bd7 16. Nd2 b5 17. b3 Bg4 18. Qc2 bxc4 19. bxc4 Bh5 20. Rab1 Bg6 21. Bxg6 hxg6 22. h3 Rb8 23. Rxb8 Qxb8 24. Qa4 Qc8 1/2-1/2

[Event "POL-chT (Women) 2nd"]
[Site "Wroclaw"]
[Date "2009.11.21"]
[Round "3"]
[White "Zawadzka, Magdalena"]
[Black "Hermanowicz, Dominika"]
[Result "0-1"]
[WhiteElo "2091"]
[BlackElo "2092"]
[PlyCount "122"]
[EventDate "2009.11.20"]
[EventType "team-swiss"]
[EventRounds "5"]
[EventCountry "POL"]
[SourceTitle "CBM 133 Extra"]
[Source "ChessBase"]
[SourceDate "2010.01.05"]
[SourceVersion "1"]
[SourceVersionDate "2010.01.05"]
[SourceQuality "1"]
[WhiteTeam "Wroclaw AZS Politechnika (W) II"]
[BlackTeam "Wroclaw AZS Politechnika (W)"]
[WhiteTeamCountry "POL"]
[BlackTeamCountry "POL"]

1. e4 c5 2. Nf3 a6 3. d3 Nc6 4. g3 g6 5. Bg2 Bg7 6. c3 d6 7. 0-0 e6 8. Ne1 Nge7 9. Be3 0-0 10. Qd2 Rb8 11. Bh6 b5 12. Bxg7 Kxg7 13. Na3 b4 14. Nc4 d5 15. Ne3 dxe4 16. Bxe4 f5 17. Bg2 e5 18. Rc1 Rf6 19. Nc4 Be6 20. Qe3 Bxc4 21. dxc4 Qa5 22. cxb4 cxb4 23. Nd3 e4 24. Nf4 Qxa2 25. b3 Qb2 26. Rfd1 Qe5 27. c5 a5 28. Rd7 Rd8 29. Rcd1 Rxd7 30. Rxd7 Qc3 31. Nd5 Qxe3 32. Nxe3 Kf8 33. Bf1 Re6 34. Nc4 g5 35. Be2 h6 36. Kf1 Ng6 37. Nd6 Nge5 38. Rc7 Nd4 39. Bd1 Re7 40. Rc8+ Kg7 41. Ra8 Nec6 42. Nc4 f4 43. Nxa5 Re5 44. Nxc6 Nxc6 45. Bc2 Nd4 46. c6 Nxc6 47. Rc8 Nd4 48. Rc4 Nxc2 49. Rxc2 e3 50. gxf4 gxf4 51. f3 Kg6 52. Rc4 Kg5 53. Rxb4 Rd5 54. h4+ Kf5 55. Rc4 Rd1+ 56. Ke2 Rd2+ 57. Ke1 Rf2 58. b4 Rxf3 59. b5 Rg3 60. b6 f3 61. Kf1 f2 0-1

[Event "POL-chT (Women) 2nd"]
[Site "Wroclaw"]
[Date "2009.11.20"]
[Round "1"]
[White "Bartel, Marta"]
[Black "Hermanowicz, Dominika"]
[Result "1-0"]
[WhiteElo "2285"]
[BlackElo "2092"]
[PlyCount "159"]
[EventDate "2009.11.20"]
[EventType "team-swiss"]
[EventRounds "5"]
[EventCountry "POL"]
[SourceTitle "CBM 133 Extra"]
[Source "ChessBase"]
[SourceDate "2010.01.05"]
[SourceVersion "1"]
[SourceVersionDate "2010.01.05"]
[SourceQuality "1"]
[WhiteTeam "Lublin Drakon SKOK Chmielewskiego (W)"]
[BlackTeam "Wroclaw AZS Politechnika (W)"]
[WhiteTeamCountry "POL"]
[BlackTeamCountry "POL"]

1. d4 d5 2. Nf3 Nf6 3. c4 e6 4. Nc3 c5 5. cxd5 exd5 6. g3 Nc6 7. Bg2 Be7 8. 0-0 0-0 9. Bg5 cxd4 10. Nxd4 h6 11. Bf4 a6 12. Rc1 Na5 13. b3 Ba3 14. Rc2 Bg4 15. Nb1 Bd6 16. Qd2 Bxf4 17. Qxf4 Bh5 18. Nc3 Bg6 19. Rcc1 Re8 20. Rfd1 Qd7 21. Na4 Rac8 22. Nb6 Rxc1 23. Rxc1 Qd8 24. Qc7 Be4 25. Qxd8 Rxd8 26. Rc5 Bxg2 27. Kxg2 Rd6 28. Nc8 Rd8 29. Nb6 Rd6 30. Na4 b5 31. Nc3 Nb7 32. Rc8+ Kh7 33. Rc7 Nd8 34. e3 Kg6 35. Nce2 Ne8 36. Re7 Nf6 37. Nf4+ Kh7 38. Rc7 Ne8 39. Rc5 Nf6 40. Rc8 g6 41. Nd3 Kg7 42. Ra8 Ne8 43. Ra7 Nc6 44. Nxc6 Rxc6 45. Nb4 Rd6 46. Rxa6 Rxa6 47. Nxa6 Kf6 48. Kf3 Ke5 49. Nb4 Nd6 50. a4 bxa4 51. bxa4 Nc4 52. Ke2 f6 53. Nd3+ Kd6 54. f4 Kc6 55. g4 Kb6 56. h4 Ka5 57. Nc5 Nb6 58. Ne6 Nd7 59. Ng7 Kxa4 60. h5 gxh5 61. gxh5 Nf8 62. Nf5 Ne6 63. Kf3 Kb4 64. Nxh6 Kc4 65. Ng8 f5 66. h6 Nf8 67. Ne7 d4 68. exd4 Kxd4 69. Nxf5+ Kd5 70. Kg4 Ke6 71. Ng3 Kf6 72. f5 Nh7 73. Ne4+ Ke5 74. Ng3 Kf6 75. Kf4 Nf8 76. Ne4+ Kf7 77. Ng5+ Kg8 78. Ke5 Nd7+ 79. Ke6 Nf8+ 80. Ke7 1-0

[Event "Krakow op-A 19th"]
[Site "Krakow"]
[Date "2009.01.04"]
[Round "9"]
[White "Hermanowicz, Dominika"]
[Black "Machlowski, Slawomir"]
[Result "1-0"]
[WhiteElo "2084"]
[BlackElo "2154"]
[PlyCount "76"]
[EventDate "2008.12.26"]
[EventType "swiss"]
[EventRounds "9"]
[EventCountry "POL"]
[SourceTitle "CBM 128 Extra"]
[Source "ChessBase"]
[SourceDate "2009.03.05"]
[SourceVersion "2"]
[SourceVersionDate "2009.03.25"]
[SourceQuality "1"]

1. e4 d5 2. exd5 Qxd5 3. Nc3 Qa5 4. d4 c6 5. Nf3 Bf5 6. Bc4 e6 7. Bd2 Qc7 8. Qe2 Be7 9. 0-0-0 Nd7 10. Ne5 Ngf6 11. h3 Nxe5 12. dxe5 Nd7 13. g4 Bg6 14. f4 b5 15. Bb3 a5 16. f5 exf5 17. e6 Nc5 18. gxf5 Bxf5 19. exf7+ Kf8 20. Qf3 Qc8 21. Rhe1 Nxb3+ 22. axb3 Kxf7 23. Ne4 Kg8 24. Ng3 Be6 25. Qe4 Bd6 26. Qxe6+ Qxe6 27. Rxe6 Bxg3 28. Rg1 Bf2 29. Rg2 Bd4 30. Rxc6 h6 31. c3 Ba7 32. Bf4 g5 33. h4 Rf8 34. Bd2 Rf2 35. Rg4 Rf1+ 36. Kc2 Rg1 37. Re4 g4 38. Rc8+ Kh7 1-0

[Event "Krakow op-A 19th"]
[Site "Krakow"]
[Date "2008.12.30"]
[Round "5"]
[White "Hermanowicz, Dominika"]
[Black "Goslawski, Michal"]
[Result "1-0"]
[WhiteElo "2084"]
[BlackElo "1902"]
[PlyCount "73"]
[EventDate "2008.12.26"]
[EventType "swiss"]
[EventRounds "9"]
[EventCountry "POL"]
[SourceTitle "CBM 128 Extra"]
[Source "ChessBase"]
[SourceDate "2009.03.05"]
[SourceVersion "2"]
[SourceVersionDate "2009.03.25"]
[SourceQuality "1"]

1. e4 c5 2. Nf3 d6 3. d4 cxd4 4. Nxd4 Nf6 5. Nc3 Nc6 6. Bc4 g6 7. Nxc6 bxc6 8. e5 Nh5 9. exd6 Qxd6 10. Qf3 Be6 11. Bxe6 Qxe6+ 12. Be3 Bg7 13. 0-0 0-0 14. Bc5 Rfb8 15. Rab1 Bxc3 16. Qxc3 Nf4 17. Kh1 Qxa2 18. Bxe7 Nd5 19. Qa3 Qc4 20. Qc5 Qa6 21. Rfe1 Nxe7 22. Rxe7 Qa2 23. Rbe1 Rxb2 24. Re8+ Rxe8 25. Rxe8+ Kg7 26. Qf8+ Kf6 27. Qh8+ Kg5 28. Re5+ f5 29. Qd8+ Kh5 30. Qd1+ Kg5 31. Qd2+ Kf6 32. Qd6+ Kg5 33. Qe7+ Kh5 34. Qxh7+ Kg5 35. Qe7+ Kh5 36. h4 Qb1+ 37. Re1 1-0

[Event "POL-chT 2nd League"]
[Site "Ustron"]
[Date "2008.09.14"]
[Round "8.24"]
[White "Hermanowicz, Dominika"]
[Black "Wesolowska, Hanna"]
[Result "0-1"]
[WhiteElo "2118"]
[BlackElo "2054"]
[PlyCount "58"]
[EventDate "2008.09.06"]
[EventType "team-swiss"]
[EventRounds "9"]
[EventCountry "POL"]
[SourceTitle "EXT 2015"]
[Source "ChessBase"]
[SourceDate "2014.11.20"]
[SourceVersion "1"]
[SourceVersionDate "2014.11.20"]
[SourceQuality "1"]
[WhiteTeam "Wroclaw AZS Politechnika"]
[BlackTeam "Pawlowice GKS Pniowek 74"]
[WhiteTeamCountry "POL"]
[BlackTeamCountry "POL"]

1. e4 e5 2. Nf3 Nc6 3. Bb5 a6 4. Ba4 Nf6 5. 0-0 Nxe4 6. d4 b5 7. Bb3 d5 8. dxe5 Be6 9. c3 Be7 10. Qe2 Qd7 11. Rd1 Nc5 12. Bc2 b4 13. Nbd2 Rd8 14. Nf1 bxc3 15. bxc3 Bf5 16. Ne3 Bxc2 17. Qxc2 Qe6 18. Nf5 Bf8 19. Ba3 Ne4 20. N5d4 Nxd4 21. Nxd4 Qd7 22. Bxf8 Kxf8 23. c4 c6 24. cxd5 cxd5 25. Rac1 g6 26. Nc6 Rc8 27. f3 Rxc6 28. Qxc6 Qa7+ 29. Kh1 Nf2+ 0-1

[Event "POL-chT 2nd League"]
[Site "Ustron"]
[Date "2008.09.06"]
[Round "1.12"]
[White "Krestianova, Tatiana"]
[Black "Hermanowicz, Dominika"]
[Result "1-0"]
[WhiteElo "2194"]
[BlackElo "2118"]
[PlyCount "93"]
[EventDate "2008.09.06"]
[EventType "team-swiss"]
[EventRounds "9"]
[EventCountry "POL"]
[SourceTitle "EXT 2015"]
[Source "ChessBase"]
[SourceDate "2014.11.20"]
[SourceVersion "1"]
[SourceVersionDate "2014.11.20"]
[SourceQuality "1"]
[WhiteTeam "Ostroda Ostrodzianka"]
[BlackTeam "Wroclaw AZS Politechnika"]
[WhiteTeamCountry "POL"]
[BlackTeamCountry "POL"]

1. e4 c5 2. c3 d5 3. exd5 Qxd5 4. d4 Nf6 5. Nf3 Bg4 6. dxc5 Qxc5 7. h3 Bh5 8. Na3 Nbd7 9. Be3 Qc8 10. Nc4 Qc7 11. Qa4 Bxf3 12. gxf3 Qc6 13. Qxc6 bxc6 14. Na5 c5 15. 0-0-0 a6 16. Nb7 e6 17. Nd6+ Ke7 18. Bc4 g6 19. Nb7 Ke8 20. Rd2 Be7 21. Rhd1 Ra7 22. Nxc5 Nxc5 23. Bxc5 Rc7 24. Bxe7 Kxe7 25. Bxa6 Ra8 26. Bb5 Rxa2 27. Kb1 Ra5 28. c4 Rca7 29. Kc2 Nd5 30. Kb3 Kf6 31. Bc6 Nf4 32. h4 e5 33. Rd6+ Kg7 34. Rd7 R7a6 35. Bd5 Rb6+ 36. Kc2 Rf6 37. Re1 Nxd5 38. Rxd5 Ra4 39. Kb3 Ra7 40. Re3 Rf4 41. c5 Rb7+ 42. Kc3 Rxh4 43. c6 Rc7 44. Rc5 Ra4 45. b4 Ra1 46. b5 Rca7 47. b6 1-0

[Event "Rewal op-A 13th"]
[Site "Rewal"]
[Date "2008.08.23"]
[Round "4"]
[White "Hermanowicz, Dominika"]
[Black "Czerwonski, Aleksander"]
[Result "1/2-1/2"]
[WhiteElo "2118"]
[BlackElo "2414"]
[PlyCount "89"]
[EventDate "2008.08.20"]
[EventType "swiss"]
[EventRounds "9"]
[EventCountry "POL"]
[SourceTitle "CBM 126 Extra"]
[Source "ChessBase"]
[SourceDate "2008.11.05"]
[SourceVersion "1"]
[SourceVersionDate "2008.11.05"]
[SourceQuality "1"]

1. e4 e5 2. Nf3 Nc6 3. Bb5 a6 4. Ba4 Nf6 5. 0-0 Be7 6. Re1 b5 7. Bb3 d6 8. c3 0-0 9. d3 h6 10. Nbd2 Be6 11. Bc2 d5 12. exd5 Qxd5 13. Qe2 Bc5 14. Bb3 Qd7 15. Bxe6 Qxe6 16. Ne4 Bb6 17. Be3 Nd7 18. a4 Rad8 19. axb5 axb5 20. Rad1 Rfe8 21. Bxb6 Nxb6 22. d4 exd4 23. Qxb5 Qc4 24. Qxc4 Nxc4 25. cxd4 Nxb2 26. Rb1 Nd3 27. Re3 Ncb4 28. Nc5 Rxe3 29. fxe3 Nxc5 30. Rxb4 Ne4 31. Rc4 Ra8 32. h3 Ra7 33. Ne5 h5 34. d5 Ra1+ 35. Kh2 Nd2 36. Rxc7 Nf1+ 37. Kg1 Nxe3+ 38. Kf2 Nxd5 39. Rc8+ Kh7 40. Nxf7 Nf4 41. Rc2 h4 42. Ng5+ Kh6 43. Nf3 g5 44. Ke3 Kh5 45. Kf2 1/2-1/2

[Event "Rewal op-A 13th"]
[Site "Rewal"]
[Date "2008.08.20"]
[Round "1"]
[White "Rutkowski, Maciej"]
[Black "Hermanowicz, Dominika"]
[Result "1-0"]
[WhiteElo "2380"]
[BlackElo "2118"]
[PlyCount "57"]
[EventDate "2008.08.20"]
[EventType "swiss"]
[EventRounds "9"]
[EventCountry "POL"]
[SourceTitle "CBM 126 Extra"]
[Source "ChessBase"]
[SourceDate "2008.11.05"]
[SourceVersion "1"]
[SourceVersionDate "2008.11.05"]
[SourceQuality "1"]

1. g3 Nf6 2. Bg2 g6 3. e4 d6 4. Ne2 Bg7 5. 0-0 0-0 6. d4 e5 7. c3 Re8 8. Nd2 c6 9. a4 Qc7 10. h3 Nbd7 11. f4 b6 12. Kh2 Ba6 13. Re1 Bd3 14. Ng1 exf4 15. gxf4 Nh5 16. Nf1 Ba6 17. Bf3 Ndf6 18. e5 dxe5 19. fxe5 Rad8 20. Kg2 Nd5 21. Bxh5 gxh5 22. Qxh5 c5 23. Ng3 cxd4 24. cxd4 Qxc1 25. Raxc1 Nf4+ 26. Kf2 Nxh5 27. Nxh5 Rxd4 28. Nf3 Rxa4 29. Rg1 1-0

[Event "POL-chT (Women) 1st"]
[Site "Wroclaw"]
[Date "2008.05.17"]
[Round "3"]
[White "Hermanowicz, Dominika"]
[Black "Socha, Anna"]
[Result "1/2-1/2"]
[WhiteElo "2094"]
[BlackElo "2054"]
[PlyCount "32"]
[EventDate "2008.05.16"]
[EventType "team-swiss"]
[EventRounds "5"]
[EventCountry "POL"]
[SourceTitle "EXT 2019"]
[Source "ChessBase"]
[SourceDate "2018.10.10"]
[SourceVersion "1"]
[SourceVersionDate "2018.10.10"]
[SourceQuality "1"]
[WhiteTeam "Wroclaw AZS Politechnika (W)"]
[BlackTeam "Legnica Miedz (W)"]
[WhiteTeamCountry "POL"]
[BlackTeamCountry "POL"]

1. e4 c5 2. Nf3 a6 3. c3 Nf6 4. e5 Nd5 5. d4 cxd4 6. cxd4 e6 7. Nc3 Nxc3 8. bxc3 Qc7 9. Bd2 d6 10. exd6 Bxd6 11. Bd3 Nd7 12. 0-0 b6 13. Qe2 Bb7 14. c4 0-0 15. h3 Rac8 16. Bc3 h6 1/2-1/2

[Event "POL-chT 2nd League"]
[Site "Wysowa"]
[Date "2007.09.09"]
[Round "7"]
[White "Hermanowicz, Dominika"]
[Black "Czernicki, Bogdan"]
[Result "0-1"]
[WhiteElo "2125"]
[BlackElo "2094"]
[PlyCount "109"]
[EventDate "2007.09.03"]
[EventType "team-swiss"]
[EventRounds "9"]
[EventCountry "POL"]
[SourceTitle "EXT 2010"]
[Source "ChessBase"]
[SourceDate "2010.11.25"]
[SourceVersion "1"]
[SourceVersionDate "2010.11.25"]
[SourceQuality "1"]
[WhiteTeam "Wroclaw AZS Politechnika"]
[BlackTeam "Krakow TKKF Drogowiec"]
[WhiteTeamCountry "POL"]
[BlackTeamCountry "POL"]

1. e4 e6 2. d4 d5 3. Nd2 f5 4. exf5 exf5 5. Bd3 Nf6 6. Ne2 Bd6 7. 0-0 0-0 8. Nf3 Nc6 9. c4 Nb4 10. c5 Nxd3 11. Qxd3 Be7 12. Ne5 c6 13. Re1 Ng4 14. Bf4 g5 15. Nxg4 fxg4 16. Be5 Bf5 17. Qd2 Qd7 18. Ng3 Bg6 19. Re3 Rae8 20. Rae1 Bd8 21. Bd6 Rxe3 22. Rxe3 Re8 23. Qe2 Rxe3 24. Qxe3 Qe8 25. Qxe8+ Bxe8 26. Be5 Bg6 27. Kf1 Bd3+ 28. Ke1 Ba5+ 29. Kd1 Kf7 30. a3 Ke6 31. b4 Bd8 32. Kd2 Be4 33. Nxe4 dxe4 34. Kc3 Kd5 35. Bg7 h5 36. Be5 a6 37. a4 b6 38. cxb6 Bxb6 39. Bf6 Bc7 40. g3 Bb6 41. a5 Bc7 42. Bxg5 Bd6 43. Bf6 Bf8 44. Be5 Bh6 45. Bf4 Bg7 46. Be5 Bf8 47. Bf6 Bh6 48. Be5 e3 49. fxe3 Bxe3 50. Kd3 Bg1 51. Bf6 Bxh2 52. Bh4 Bg1 53. Bf6 Bf2 54. Be5 h4 55. gxh4 0-1

[Event "Polanica Zdroj op-B 43rd"]
[Site "Polanica Zdroj"]
[Date "2007.08.25"]
[Round "9"]
[White "Szumilas, Piotr"]
[Black "Hermanowicz, Dominika"]
[Result "1/2-1/2"]
[WhiteElo "2065"]
[BlackElo "2125"]
[PlyCount "38"]
[EventDate "2007.08.17"]
[EventType "swiss"]
[EventRounds "10"]
[EventCountry "POL"]
[SourceTitle "CBM 120 Extra"]
[Source "ChessBase"]
[SourceDate "2007.11.01"]
[SourceVersion "1"]
[SourceVersionDate "2007.11.01"]
[SourceQuality "1"]

1. e4 e6 2. Nf3 d5 3. Nc3 dxe4 4. Nxe4 Nd7 5. d4 Ngf6 6. Nxf6+ Nxf6 7. Bd3 c5 8. dxc5 Bxc5 9. 0-0 0-0 10. Bg5 Be7 11. Qe2 Qc7 12. Rad1 Rd8 13. Rd2 Bd7 14. Rfd1 Be8 15. a3 Rac8 16. h3 Qb6 17. c4 a5 18. Ne5 Qc7 19. Kh1 Qc6 1/2-1/2

[Event "Polanica Zdroj op-B 43rd"]
[Site "Polanica Zdroj"]
[Date "2007.08.21"]
[Round "5"]
[White "Pac, Maciej"]
[Black "Hermanowicz, Dominika"]
[Result "0-1"]
[WhiteElo "1833"]
[BlackElo "2125"]
[PlyCount "80"]
[EventDate "2007.08.17"]
[EventType "swiss"]
[EventRounds "10"]
[EventCountry "POL"]
[SourceTitle "CBM 120 Extra"]
[Source "ChessBase"]
[SourceDate "2007.11.01"]
[SourceVersion "1"]
[SourceVersionDate "2007.11.01"]
[SourceQuality "1"]

1. e4 e6 2. d4 d5 3. Nd2 c5 4. Ngf3 Nf6 5. e5 Nfd7 6. c3 Nc6 7. Be2 Qb6 8. Nf1 cxd4 9. cxd4 Bb4+ 10. Bd2 Nxd4 11. Nxd4 Qxd4 12. Bxb4 Qxb4+ 13. Qd2 Qxd2+ 14. Nxd2 Nxe5 15. Rc1 Bd7 16. Nb3 Bc6 17. 0-0 0-0 18. Rc2 Rac8 19. Rfc1 Ng6 20. Nd4 Ne7 21. b4 Rfd8 22. b5 Bd7 23. Rc7 Kf8 24. R1c2 Rxc7 25. Rxc7 Bc8 26. a4 Rd7 27. Rc1 Ke8 28. a5 Kd8 29. Kf1 Rc7 30. Rxc7 Kxc7 31. Ke1 Kd6 32. Nb3 e5 33. Kd2 Be6 34. Kc2 d4 35. Nd2 Bd5 36. f3 Kc5 37. Bd3 h6 38. a6 b6 39. Nb3+ Kb4 40. Nd2 Nc8 0-1

[Event "Polanica Zdroj op-B 43rd"]
[Site "Polanica Zdroj"]
[Date "2007.08.20"]
[Round "4"]
[White "Hermanowicz, Dominika"]
[Black "Nasuta, Grzegorz"]
[Result "0-1"]
[WhiteElo "2125"]
[BlackElo "1958"]
[PlyCount "84"]
[EventDate "2007.08.17"]
[EventType "swiss"]
[EventRounds "10"]
[EventCountry "POL"]
[SourceTitle "CBM 120 Extra"]
[Source "ChessBase"]
[SourceDate "2007.11.01"]
[SourceVersion "1"]
[SourceVersionDate "2007.11.01"]
[SourceQuality "1"]

1. e4 c5 2. Nf3 d6 3. d4 cxd4 4. Nxd4 Nf6 5. Nc3 a6 6. Be3 e6 7. a4 b6 8. Bd3 Bb7 9. 0-0 Nbd7 10. f4 Be7 11. Qf3 Nc5 12. Rae1 Qd7 13. Bf2 Nxa4 14. Nxa4 Qxa4 15. Qg3 0-0 16. e5 Nd5 17. Qh3 h6 18. Qg4 Rad8 19. b3 Qb4 20. c4 Nc7 21. Re3 dxe5 22. Nc2 Qd6 23. fxe5 Qd7 24. Rg3 Ne8 25. Bxb6 Rc8 26. b4 Bd8 27. Bd4 Be7 28. Rh3 Kh8 29. Rd1 f5 30. exf6 Bxf6 31. Qg6 Bxd4+ 32. Kh1 Nf6 33. Rxh6+ gxh6 34. Qxh6+ Kg8 35. Nxd4 Qg7 36. Qh3 Bxg2+ 37. Qxg2 Qxg2+ 38. Kxg2 e5 39. Nf5 Rc7 40. c5 a5 41. bxa5 Rxc5 42. Re1 e4 0-1

[Event "Niederschlesien-ch op"]
[Site "Wroclaw"]
[Date "2007.06.28"]
[Round "7"]
[White "Hermanowicz, Dominika"]
[Black "Kucypera, Malgorzata"]
[Result "0-1"]
[WhiteElo "2098"]
[BlackElo "2045"]
[PlyCount "70"]
[EventDate "2007.06.25"]
[EventType "swiss"]
[EventRounds "9"]
[EventCountry "POL"]
[SourceTitle "EXT 2011"]
[Source "ChessBase"]
[SourceDate "2010.11.26"]
[SourceVersion "1"]
[SourceVersionDate "2010.11.26"]
[SourceQuality "1"]

1. e4 c5 2. Nf3 d6 3. d4 cxd4 4. Nxd4 Nf6 5. Nc3 a6 6. Be3 e5 7. Nb3 Be6 8. f4 exf4 9. Bxf4 Nc6 10. Qe2 Be7 11. 0-0-0 Bg4 12. Qd2 Bxd1 13. Qxd1 Ne5 14. Qd4 Qc7 15. Be2 Rc8 16. h3 b5 17. g4 Nfd7 18. g5 0-0 19. Kb1 Nb6 20. Rc1 Ng6 21. Be3 Rb8 22. Rh1 Rfc8 23. Qd1 Nc4 24. Bxc4 bxc4 25. Nd4 Qb7 26. Qc1 d5 27. Ka1 dxe4 28. Nf5 Bc5 29. Bxc5 Rxc5 30. Nd6 Qc6 31. Ndxe4 Re5 32. Nf2 Rbe8 33. Rd1 Re3 34. h4 Qf3 35. Rf1 Qg2 0-1

[Event "Niederschlesien-ch op"]
[Site "Wroclaw"]
[Date "2007.06.27"]
[Round "6"]
[White "Mondrzycki, Bartlomiej"]
[Black "Hermanowicz, Dominika"]
[Result "1/2-1/2"]
[WhiteElo "1949"]
[BlackElo "2098"]
[PlyCount "65"]
[EventDate "2007.06.25"]
[EventType "swiss"]
[EventRounds "9"]
[EventCountry "POL"]
[SourceTitle "EXT 2011"]
[Source "ChessBase"]
[SourceDate "2010.11.26"]
[SourceVersion "1"]
[SourceVersionDate "2010.11.26"]
[SourceQuality "1"]

1. e4 e6 2. d4 d5 3. Nc3 Nf6 4. Bg5 dxe4 5. Nxe4 Nbd7 6. Bd3 Be7 7. Nxf6+ Bxf6 8. Bxf6 Qxf6 9. Nf3 0-0 10. 0-0 e5 11. Re1 exd4 12. Nxd4 Rd8 13. Nb5 c6 14. Nc3 Nf8 15. Qh5 h6 16. Re3 Be6 17. Rae1 b6 18. Rf3 Qg5 19. Qxg5 hxg5 20. Rg3 f6 21. Rge3 Kf7 22. Ne2 c5 23. f4 g6 24. fxg5 fxg5 25. h4 gxh4 26. Nf4 Bf5 27. Bxf5 gxf5 28. Rh3 Rd2 29. Rxh4 Rxc2 30. Rh8 Kf6 31. Nd5+ Kg6 32. Nf4+ Kf6 33. Nd5+ 1/2-1/2